000 00537nam a22001811a 4500
001 18841
003 OSt
005 20260204212423.0
008 181002s2012||||dr ||||||b||||||||||spa||
020 _a9789945412611
082 _aRD923.2 F363a
100 _aFernández Reyna, Leonel
245 _aAños de formación:escritos políticos de vanguardia/Leonel Fernández Reyna
264 _aSanto Domingo:Fundación Global Democracia y Desarrollo
300 _a304 p.
650 _aPresidentes-República DominicanaÌ
942 _2ddc
_cBK
999 _c18841
_d18841